<?xml version="1.0" encoding="UTF-8"?>
<record
    xmlns:xsi="http://www.w3.org/2001/XMLSchema-instance"
    xsi:schemaLocation="http://www.loc.gov/MARC21/slim http://www.loc.gov/standards/marcxml/schema/MARC21slim.xsd"
    xmlns="http://www.loc.gov/MARC21/slim">

  <leader>02139nam a22003017a 4500</leader>
  <controlfield tag="003">NALT</controlfield>
  <controlfield tag="005">20250915152548.0</controlfield>
  <controlfield tag="008">230503b        th ||||| |||| 00| 0 tha d</controlfield>
  <datafield tag="020" ind1=" " ind2=" ">
    <subfield code="a">9789744496911</subfield>
  </datafield>
  <datafield tag="040" ind1=" " ind2=" ">
    <subfield code="a">NALT</subfield>
  </datafield>
  <datafield tag="100" ind1="0" ind2=" ">
    <subfield code="a">&#xE44;&#xE0A;&#xE22;&#xE27;&#xE31;&#xE12;&#xE19;&#xE4C; &#xE04;&#xE49;&#xE33;&#xE0A;&#xE39;.</subfield>
    <subfield code="9">36921</subfield>
  </datafield>
  <datafield tag="245" ind1="1" ind2="0">
    <subfield code="a">&#xE1B;&#xE23;&#xE30;&#xE0A;&#xE32;&#xE04;&#xE21;&#xE2D;&#xE32;&#xE40;&#xE0B;&#xE35;&#xE22;&#xE19;&#xE01;&#xE31;&#xE1A;&#xE01;&#xE32;&#xE23;&#xE1B;&#xE01;&#xE04;&#xE23;&#xE2D;&#xE07;&#xE2A;&#xE48;&#xE27;&#xE19;&#xE17;&#xE49;&#xE2D;&#xE07;&#xE16;&#xE34;&#xE48;&#xE19; /</subfield>
    <subfield code="c">&#xE44;&#xE0A;&#xE22;&#xE27;&#xE31;&#xE12;&#xE19;&#xE4C; &#xE04;&#xE49;&#xE33;&#xE0A;&#xE39; ; &#xE13;&#xE31;&#xE0A;&#xE0A;&#xE32;&#xE20;&#xE31;&#xE17;&#xE23; &#xE2D;&#xE38;&#xE48;&#xE19;&#xE15;&#xE23;&#xE07;&#xE08;&#xE34;&#xE15;&#xE23;, &#xE1C;&#xE39;&#xE49;&#xE41;&#xE15;&#xE48;&#xE07;&#xE23;&#xE48;&#xE27;&#xE21; ; &#xE2D;&#xE23;&#xE17;&#xE31;&#xE22; &#xE01;&#xE4A;&#xE01;&#xE1C;&#xE25;, &#xE2D;&#xE15;&#xE34;&#xE1E;&#xE23; &#xE41;&#xE01;&#xE49;&#xE27;&#xE40;&#xE1B;&#xE35;&#xE22;, &#xE1A;&#xE23;&#xE23;&#xE13;&#xE32;&#xE18;&#xE34;&#xE01;&#xE32;&#xE23; ; &#xE2A;&#xE38;&#xE0A;&#xE32;&#xE15;&#xE34; &#xE27;&#xE34;&#xE27;&#xE31;&#xE12;&#xE19;&#xE4C;&#xE15;&#xE23;&#xE30;&#xE01;&#xE39;&#xE25;, &#xE2D;&#xE2D;&#xE01;&#xE41;&#xE1A;&#xE1A;&#xE1B;&#xE01;.</subfield>
    <subfield code="h">[electronic source]</subfield>
  </datafield>
  <datafield tag="260" ind1=" " ind2=" ">
    <subfield code="a">&#xE01;&#xE23;&#xE38;&#xE07;&#xE40;&#xE17;&#xE1E;&#xE2F; :</subfield>
    <subfield code="b">&#xE2A;&#xE16;&#xE32;&#xE1A;&#xE31;&#xE19;&#xE1E;&#xE23;&#xE30;&#xE1B;&#xE01;&#xE40;&#xE01;&#xE25;&#xE49;&#xE32;,</subfield>
    <subfield code="c">2555.</subfield>
  </datafield>
  <datafield tag="300" ind1=" " ind2=" ">
    <subfield code="a">Online resource</subfield>
  </datafield>
  <datafield tag="505" ind1="1" ind2=" ">
    <subfield code="a">&#xE15;&#xE2D;&#xE19;&#xE17;&#xE35;&#xE48; 1 &#xE40;&#xE2D;&#xE40;&#xE0A;&#xE35;&#xE22;&#xE15;&#xE30;&#xE27;&#xE31;&#xE19;&#xE2D;&#xE2D;&#xE01;&#xE40;&#xE09;&#xE35;&#xE22;&#xE07;&#xE43;&#xE15;&#xE49;&#xE02;&#xE2D;&#xE07;&#xE40;&#xE23;&#xE32; &#xE2D;&#xE32;&#xE40;&#xE0B;&#xE35;&#xE22;&#xE19;&#xE02;&#xE2D;&#xE07;&#xE40;&#xE23;&#xE32; -- &#xE15;&#xE2D;&#xE19;&#xE17;&#xE35;&#xE48; 2 &#xE23;&#xE39;&#xE1B;&#xE41;&#xE1A;&#xE1A;&#xE02;&#xE2D;&#xE07;&#xE1B;&#xE23;&#xE30;&#xE0A;&#xE32;&#xE04;&#xE21;&#xE2D;&#xE32;&#xE40;&#xE0B;&#xE35;&#xE22;&#xE19; -- &#xE15;&#xE2D;&#xE19;&#xE17;&#xE35;&#xE48; 3 &#xE01;&#xE32;&#xE23;&#xE40;&#xE02;&#xE49;&#xE32;&#xE2A;&#xE39;&#xE48;&#xE1B;&#xE23;&#xE30;&#xE0A;&#xE32;&#xE04;&#xE21;&#xE2D;&#xE32;&#xE40;&#xE0B;&#xE35;&#xE22;&#xE19;&#xE01;&#xE31;&#xE1A;&#xE01;&#xE32;&#xE23;&#xE1B;&#xE01;&#xE04;&#xE23;&#xE2D;&#xE07;&#xE2A;&#xE48;&#xE27;&#xE19;&#xE17;&#xE49;&#xE2D;&#xE07;&#xE16;&#xE34;&#xE48;&#xE19;.</subfield>
  </datafield>
  <datafield tag="650" ind1=" " ind2="4">
    <subfield code="a">&#xE1B;&#xE23;&#xE30;&#xE0A;&#xE32;&#xE04;&#xE21;&#xE40;&#xE28;&#xE23;&#xE29;&#xE10;&#xE01;&#xE34;&#xE08;&#xE2D;&#xE32;&#xE40;&#xE0B;&#xE35;&#xE22;&#xE19;</subfield>
    <subfield code="9">2906</subfield>
  </datafield>
  <datafield tag="650" ind1=" " ind2="4">
    <subfield code="9">10152</subfield>
    <subfield code="a">&#xE01;&#xE32;&#xE23;&#xE1B;&#xE01;&#xE04;&#xE23;&#xE2D;&#xE07;&#xE17;&#xE49;&#xE2D;&#xE07;&#xE16;&#xE34;&#xE48;&#xE19; </subfield>
    <subfield code="z">&#xE44;&#xE17;&#xE22;</subfield>
  </datafield>
  <datafield tag="650" ind1=" " ind2="4">
    <subfield code="9">6318</subfield>
    <subfield code="a">&#xE04;&#xE27;&#xE32;&#xE21;&#xE2A;&#xE31;&#xE21;&#xE1E;&#xE31;&#xE19;&#xE18;&#xE4C;&#xE17;&#xE32;&#xE07;&#xE40;&#xE28;&#xE23;&#xE29;&#xE10;&#xE01;&#xE34;&#xE08;&#xE23;&#xE30;&#xE2B;&#xE27;&#xE48;&#xE32;&#xE07;&#xE1B;&#xE23;&#xE30;&#xE40;&#xE17;&#xE28;</subfield>
  </datafield>
  <datafield tag="700" ind1="0" ind2=" ">
    <subfield code="a">&#xE13;&#xE31;&#xE0A;&#xE0A;&#xE32;&#xE20;&#xE31;&#xE17;&#xE23; &#xE2D;&#xE38;&#xE48;&#xE19;&#xE15;&#xE23;&#xE07;&#xE08;&#xE34;&#xE15;&#xE23;.</subfield>
    <subfield code="9">42720</subfield>
  </datafield>
  <datafield tag="700" ind1="0" ind2=" ">
    <subfield code="a">&#xE2D;&#xE23;&#xE17;&#xE31;&#xE22; &#xE01;&#xE4A;&#xE01;&#xE1C;&#xE25;.</subfield>
    <subfield code="9">5885</subfield>
  </datafield>
  <datafield tag="700" ind1="0" ind2=" ">
    <subfield code="a">&#xE2D;&#xE15;&#xE34;&#xE1E;&#xE23; &#xE41;&#xE01;&#xE49;&#xE27;&#xE40;&#xE1B;&#xE35;&#xE22;.</subfield>
    <subfield code="9">50858</subfield>
  </datafield>
  <datafield tag="700" ind1="0" ind2=" ">
    <subfield code="a">&#xE2A;&#xE38;&#xE0A;&#xE32;&#xE15;&#xE34; &#xE27;&#xE34;&#xE27;&#xE31;&#xE12;&#xE19;&#xE4C;&#xE15;&#xE23;&#xE30;&#xE01;&#xE39;&#xE25;.</subfield>
    <subfield code="9">63704</subfield>
  </datafield>
  <datafield tag="850" ind1=" " ind2=" ">
    <subfield code="a">NALT</subfield>
  </datafield>
  <datafield tag="856" ind1="4" ind2="0">
    <subfield code="u">https://ebook.parliament.go.th/ebookall/detail/431615</subfield>
    <subfield code="z">E-Book</subfield>
  </datafield>
  <datafield tag="942" ind1=" " ind2=" ">
    <subfield code="2">lcc</subfield>
    <subfield code="c">EBK</subfield>
  </datafield>
  <datafield tag="996" ind1=" " ind2=" ">
    <subfield code="a">chunbijaya.r</subfield>
    <subfield code="b">CATSTF	</subfield>
    <subfield code="c">2023-05-03</subfield>
  </datafield>
  <datafield tag="996" ind1=" " ind2=" ">
    <subfield code="a">areerat.v</subfield>
    <subfield code="b">CATSTF	</subfield>
    <subfield code="c">2023-05-09</subfield>
  </datafield>
  <datafield tag="999" ind1=" " ind2=" ">
    <subfield code="c">102029</subfield>
    <subfield code="d">102029</subfield>
  </datafield>
  <datafield tag="998" ind1=" " ind2=" ">
    <subfield code="j">1020</subfield>
    <subfield code="k"> &#xE19;&#xE32;&#xE07;&#xE08;&#xE33;&#xE40;&#xE23;&#xE35;&#xE22;&#xE07;  &#xE23;&#xE30;&#xE27;&#xE31;&#xE07;&#xE2A;&#xE33;&#xE42;&#xE23;&#xE07;</subfield>
  </datafield>
  <datafield tag="952" ind1=" " ind2=" ">
    <subfield code="0">0</subfield>
    <subfield code="1">0</subfield>
    <subfield code="2">lcc</subfield>
    <subfield code="4">0</subfield>
    <subfield code="7">0</subfield>
    <subfield code="8">CGBL</subfield>
    <subfield code="a">NALT</subfield>
    <subfield code="b">NALT</subfield>
    <subfield code="c">GEN</subfield>
    <subfield code="d">2023-05-03</subfield>
    <subfield code="o">ASEAN HC 441  &#xE0A;912&#xE1B; 2555</subfield>
    <subfield code="p">3961223025</subfield>
    <subfield code="r">2023-06-07 00:00:00</subfield>
    <subfield code="y">GB</subfield>
  </datafield>
  <datafield tag="952" ind1=" " ind2=" ">
    <subfield code="0">0</subfield>
    <subfield code="1">0</subfield>
    <subfield code="2">lcc</subfield>
    <subfield code="4">0</subfield>
    <subfield code="7">0</subfield>
    <subfield code="8">CERS</subfield>
    <subfield code="a">NALT</subfield>
    <subfield code="b">NALT</subfield>
    <subfield code="c">ONLINE</subfield>
    <subfield code="d">2023-09-29</subfield>
    <subfield code="e">191</subfield>
    <subfield code="r">2023-09-29 00:00:00</subfield>
    <subfield code="y">EBK</subfield>
  </datafield>
</record>
